000 00810ntaaa2200241 4500
003 01
005 20251027203310.0
008 0714s1973 ag 01
020 _a9789501293531
040 _aAR-BaBN
_bspa
_cAR-BaBN
_eaacr
_dRIC
082 _a370 B36
100 _aZygmunt, Bauman
_936101
245 _aSobre la educación en un mundo líquido :
_bconversaciones con Riccardo Mazzeo /
_cBauman Zygmunt
260 _aBuenos Aires :
_bPaidós,
_c2016
300 _a151 p. ;
_c22 cm.
490 _aBiblioteca fundamental de la educación
500 _aTítulo original: On education
500 _aEd. original en inglés: Polity Press Ltd.
650 _aFILOSOFIA DE LA EDUCACION
_935627
700 _aRottemberg, Rosa
_eselección
700 _aPayás Puigarnau, Dolores
_etraductor
_936103
942 _cBK
999 _c28474
_d28474